000 01031nam a2200301 i 4500
003 EG-GICUC
005 20260302062013.0
008 260302s1986 fr ||||fr|||| 00| 0 fre d
040 _aEG-GiCUC
_bfre
_cEG-GiCUC
_dEG-GiCUC
_eRda
082 0 4 _221
_a341.073
_bFA . I
092 0 4 _221
099 _aLaw1 11 341.073 FA . I 1986
100 1 _aFarnsworth, E.allan
_eAuteur
245 1 0 _aIntroduction Au Système Juridique Des Etats-unis /
_b
_cE.allan Farnsworth ; Bruno Baron-renault.
_n
264 1 _aParis :
_bLibrairie Générale De Droit Et De Jurisprudence,
_c1986.
300 _a235page :
_billustration ;
_c 24 cm.
336 _2rda contenu
_a texte
337 _2rda medias
_aOrdinateur
338 _2 transporteur rda
_a Ressource en ligne
504 _a
546 _aTexte en français
650 1 4 _aDroit international public
_2
651 1 _2
700 1 _aBaron-renault, Bruno
_eTraducteur
856 4 0 _uhttps://fll.law.cu.edu.eg/fulltext/bks/B11-08812.pdf
905 _a50
942 _2ddc
_cBK
_e21
_n0
999 _c64558
_d64558